1820 1587 1578 1369 1460 1269 1163 1439 1742 1477 1688 1649 1643 1932 1564 1650 1239 1085 1509 1199 1217 1431 1233 1945 1799 1047 1193 1628 1135 1870 1700 1082 1756 1757 1623 1232 1424 1219 1533 1633 1586 1819 1376 1616 1007 1210 1003 1647 1461 1023 1359 1924 1920 1440 1306 1785 1754 1671 1050 1642 1772 1765 1144 1534 1815 1690 1814 1958 1756 1186 1471 1955 1575 1354 1913 1683 1848 1459 1859 1599 1551 1848 1902 1097 1202 1719 1255 1898 1299 1454 1247 1895 1584 1088 1346 1115 1975 1262 1768 BCNSPRNW ULIB Ver.6.0+V

เปลี่ยนเป็นภาษาไทย

Change to English
 แสดงรายละเอียดบรรณานุกรม
  กลับหน้าหลัก

Brief Record : Get Marc (ISO 2709) : E-mail record : QR code < ปิดหน้าต่าง
LEADER : 00000nam 2200000uu 4500
001    13399120811
003     ULIB
008    121017s2551||||th 000 0 tha d
020    ^a9789740593553
060 04 ^aWA525^bอ692ก
245 00 ^aการสร้างเสริมสุขภาพ :^bแนวคิด หลักการ และบทเรียนของไทย =Health promotion in Thailand /^cบรรณาธิการ : อำพล จินดาวัฒนะ, สุรเกียรติ อาชานานุภาพ, สุรณี พิพัฒน์โรจนกมล
246 31 ^aHealth promotion in Thailand
250    ^aพิมพ์ครั้งที่ 2
260    ^aกรุงเทพฯ :^bหมอชาวบ้าน,^c2551
300    ^aviii, 344 หน้า :^bภาพประกอบ ;^c27 ซม.
536    ^aสนับสนุนโดย สำนักงานกองทุนสนับสนุนการสร้างเสริมสุขภาพ(สสส.), สำนักงานคณะกรรมการสุขภาพแห่งชาติ (สช), มูลนิธิหมอชาวบ้าน
650  7 ^aการส่งเสริมสุขภาพ^zไทย
700 0  ^aอำพล จินดาวัฒนะ,^eบรรณาธิการ
700 0  ^aสุรเกียรติ อาชานานุภาพ,^eบรรณาธิการ
700 0  ^aสุรณี พิพัฒน์โรจนกมล,^eบรรณาธิการ
710 2  ^aสำนักงานกองทุนสนับสนุนการสร้างเสริมสุขภาพ (สสส.)
710 2  ^aสำนักงานคณะกรรมการสุขภาพแห่งชาติ (สช.)
710 2  ^aมูลนิธิหมอชาวบ้าน
945    ^p390^l0^i15076
995    ^aทศพร
999    ^aทศพร เกษรทอง
รายการนี้ยังไม่มีแท็ก
คุณยังไม่ได้ล็อกอิน คุณสามารถมีกิจกรรมร่วมกับเว็บไซต์ได้ แต่ต้องล็อกอินก่อน ::
  ล็อกอิน

รายการสื่อสารสนเทศ

ลำดับที่ ประเภท เลขเรียก/บาร์โค้ด สถานที่ สถานะ
1. วิทยาศาสตร์การแพทย์ และสุขภาพ
วิทยาศาสตร์การแพทย์ และสุขภาพ
WA525 อ692ก ฉ.1 
  Barcode: 15076
ห้องสมุดวิทยาเขตสวรรค์ประชารักษ์
►ส่วนจัดเก็บหนังสือเก่า สปร
บนชั้น
  ขอยืม

BibComment


ยังไม่เคยถูกคอมเมนท์

คอมเมนท์ทรัพยากรรายการนี้
  คอมเมนท์: การสร้างเสริมสุข..


 Copyright 2026. Bcnsprnw @Library